000
00285nam a2200121Ia 4500
005
20251222144740.0
008
251222s9999||||xx |||||||||||||| ||spa||
020
_a
9972-42-102-3
082
_a
306/N89/Ej.2
245
0
_a
Nuestra Diversidad Creativa:
264
_b
UNESCO
942
_c
LIB
999
_c
18945
_d
18945